| 000 | 00589nam a2200217 a 4500 | ||
|---|---|---|---|
| 999 |
_c616 _d616 |
||
| 001 | 616 | ||
| 003 | BD-JhCC | ||
| 005 | 20171007212446.0 | ||
| 008 | 171007s1965 ii ||||| |||| 001 0 eng d | ||
| 035 | _a(BD-JhCC)616 | ||
| 040 |
_aBD-JhCC _dBD-JhCC |
||
| 041 | _aeng | ||
| 082 |
_222 _a371.26 _bAHM 1965 |
||
| 100 | _aAhmann ,Stanley . | ||
| 245 |
_aTesting Student Achievements and Aptitudes / _cStanley Ahmann. |
||
| 260 |
_aIndia , _bPrentice of India Ltd , _c1965 |
||
| 300 |
_a118p. ; _c22cm. |
||
| 650 |
_aAchievement tests _xEducational tests |
||
| 942 |
_2ddc _cBK |
||